Law As Communication (Record no. 41388)

MARC details
000 -LEADER
fixed length control field 00366nam a2200145Ia 4500
008 - FIXED-LENGTH DATA ELEMENTS--GENERAL INFORMATION
fixed length control field 240719s9999 xx 000 0 und d
041 ## - LANGUAGE CODE
Language code of text/sound track or separate title eng
082 ## - DEWEY DECIMAL CLASSIFICATION NUMBER
Classification number 340.115 HOE
100 ## - MAIN ENTRY--PERSONAL NAME
Personal name Hoecke, Mark Van
245 ## - TITLE STATEMENT
Title Law As Communication
260 ## - PUBLICATION, DISTRIBUTION, ETC.
Place of publication, distribution, etc. USA
Name of publisher, distributor, etc. Hart ( Oxford ),
Date of publication, distribution, etc. 2002
300 ## - PHYSICAL DESCRIPTION
Extent 224;. P. 24 Cm
365 ## - TRADE PRICE
Currency code BPS
Price amount 35
520 ## - SUMMARY, ETC.
Summary, etc. Gifted By : IMT Faculty
Holdings
Withdrawn status Lost status Damaged status Not for loan Home library Current library Shelving location Date acquired Full call number Barcode Date last seen Price effective from Koha item type Public note
        IMTN IMTN Rack 14-B 07/17/2023 340.115 HOE 33083 07/19/2024 07/19/2024 Books Gifted
Designed & Maintained by: LRC IMT Nagpur Contact: lrc@imtnag.ac.in© 2024. All Rights Reserved.